banner-ar

الموضات والازياء فى الافلام / (Record no. 49948)

MARC details
000 -الفاتح
حقل البيانات ثابتة الطول 00597nam a2200205Ia 4500
008 - عناصر البيانات ثابتة الطول - معلومات عامة
حقل البيانات ثابتة الطول 140319s9999 xx 000 0 ara d
040 ## - مصدر الفهرسة
وكالة الفهرسة الأصلية GCL /
وكالة النسخ GCL
082 04 - رقم تصنيف ديوى العشرى
رقم التصنيف 791.43
رقم المادة ف م
100 1# - المدخل الرئيسى - إسم شخصى
الإسم الشخصى طه فوزى
245 10 - بيان العنوان
العنوان الموضات والازياء فى الافلام /
بيان المسئوليه,etc طه فوزى
700 1# - المدخل الاضافى - اسم شخصى
الإسم الشخصى فردونى، ماريو
700 1# - المدخل الاضافى - اسم شخصى
الإسم الشخصى جلال زكى المنفلوطى
300 ## - الوصف المادى
التعداد 187 ص
490 ## - بيان السلسلة
عنوان السلسلة الهيئة العامة للاستعلامات
رقم المجلد/ التعيين التسلسلي 0
650 04 - المدخل الاضافى بالموضوع-مصطلح موضوعى
مصطلح موضوعي السينما
650 04 - المدخل الاضافى بالموضوع-مصطلح موضوعى
مصطلح موضوعي الازياء
650 04 - المدخل الاضافى بالموضوع-مصطلح موضوعى
مصطلح موضوعي الموضة
942 ## - عناصر المدخل الإضافي( كوها)
مصدر التصنيف او مخطط الترفيف Dewey Decimal Classification
Koha [default] item type كتاب
Holdings
حالة التراجع حالة الفقد حالة تلف ليس للاعارة المكان المؤقت الموقع الحالى تاريخ الاكتساب اجمالي اﻻعارات رقم الطلب الباركود تاريخ اخر مشاهدة تاريخ تفعيل السعر نوع وعاء كوها
        مكتبة القاهرة الكبرى مكتبة القاهرة الكبرى 03/26/2014   791.43\ف م 119794 03/26/2014 03/26/2014 كتاب

Powered By

EGPV